Library of the University of Algiers 3
Ibrahim Sultan Cheibout
شعار جامعة الجزائر 3
مكتبة جامعة الجزائر 3
إبراهيم سلطان شيبوط

المرجع في التفكير الاستراتيجي والادارة الاستراتيجية / (رقم التسجيلة. 45728)

تفاصيل مارك
000 -LEADER
fixed length control field 01467nam a2200217Ia 4500
003 - CONTROL NUMBER IDENTIFIER
control field Ost
005 - DATE AND TIME OF LATEST TRANSACTION
control field 20260507075657.0
008 - FIXED-LENGTH DATA ELEMENTS--GENERAL INFORMATION
fixed length control field 260507s9999||||xx |||||||||||||| ||und||
040 ## - CATALOGING SOURCE
Transcribing agency fsecg
041 ## - LANGUAGE CODE
Language code of text/sound track or separate title ara
082 ## - DEWEY DECIMAL CLASSIFICATION NUMBER
Classification number 658.4012
100 ## - MAIN ENTRY--PERSONAL NAME
Personal name أبو بكر، مصطفي محمود
Relator term مؤلف
245 #0 - TITLE STATEMENT
Title المرجع في التفكير الاستراتيجي والادارة الاستراتيجية /
Statement of responsibility, etc. مصطفي محمود أبو بكر
260 ## - PUBLICATION, DISTRIBUTION, ETC.
Place of publication, distribution, etc. الاسكندرية:
Name of publisher, distributor, etc. الدار الجامعية,
Date of publication, distribution, etc. 2004
300 ## - PHYSICAL DESCRIPTION
Extent 517 صفحة؛
Other physical details إيضاحات ؛
Dimensions 24 سم
520 ## - SUMMARY, ETC.
Summary, etc. الاطار العام للادارة الاستراتيجية ونظام التخطيط الاستراتيجي، التفكير الاستراتيجي والادارة الاستراتيجية، دراسة البيئة الداخلية للمنظمة وممارسة الادارة للاستراتيجية، دراسة وتحليل البيئة الخارجية، ممارسة الادارة الاستراتيجية، رسالة المنظمة، الأهداف الاستراتيجية، الفرضيات الاستراتيجية، الاستراتيجيات، استراتيجيات الوظائف (البدائل الاستراتيجية على مستوى الوظائف)، مراجعة الاستراتيجيات وتنفيذها.
653 ## - INDEX TERM--UNCONTROLLED
Uncontrolled term إدارة الأعمال
653 ## - INDEX TERM--UNCONTROLLED
Uncontrolled term الإستراتيجية
653 ## - INDEX TERM--UNCONTROLLED
Uncontrolled term التخطيط
942 ## - ADDED ENTRY ELEMENTS (KOHA)
Koha item type كتب

لا توجد مواد متاحة.

موارد الويب المفتوحة


© University of Algiers 3 All Rights Reserved
|
Implemented by LECHELAH Riad